Severo Martínez Peláez y el carácter del régimen colonial /
Shranjeno v:
| Glavni avtor: | |
|---|---|
| Format: | Texto |
| Jezik: | Spanish |
| Teme: | |
| Oznake: |
Označite
Brez oznak, prvi označite!
|
MARC
| LEADER | 00000 a a2200000 04500 | ||
|---|---|---|---|
| 003 | cru CRAI/IIS | ||
| 005 | 20210421115704.0 | ||
| 008 | 210421b ||||| |||| 00| 0 spa d | ||
| 040 | |c cru CRAI/IIS | ||
| 100 | 1 | |a Cardoso Santana, Ciro Flamarion |9 9949 |e Autor | |
| 245 | 1 | |a Severo Martínez Peláez y el carácter del régimen colonial / |c Ciro Flamarion Cardoso Santana | |
| 300 | |a páginas 87-115 | ||
| 500 | |a Colección Centroamérica | ||
| 650 | 0 | |a EPOCA COLONIAL |9 3063 | |
| 650 | 0 | |a CAPITALISMO |9 64 | |
| 651 | 0 | |9 128 |a AMERICA CENTRAL | |
| 773 | 0 | |0 18875 |9 5539 |a Universidad de Costa Rica. |d San José, Costa Rica: Universidad de Costa Rica. Consejo Superior Universitario Centroamericano, 1972- |o 13773 |t Estudios Sociales Centroamericanos / |x 03039676 | |
| 942 | |2 ddc |c PP | ||
| 999 | |c 43656 |d 43656 | ||
